01231 2200421 4500001002100000005001700021008004100038020002200079035002400101040001200125041000800137082001600145084001600161090002000177090001900197100002500216245015900241250001800400260003500418300003600453504003100489650001400520700002200534700002000556700001900576850001200595990002200607990001800629990001800647990001800665990001800683990001800701990001800719990001800737990001800755990001800773990001800791INLIS00000000002612320171116095347.0  a978-602-8174-03-9 0010-031700000000233 aYOPDYOG0 aind042[23]a770.1 a770.1 Sen K aDEP 770.1 Sen K aPK 770.1 Sen K0 aSENO GUMIRA AJIDARMA1 aKisah matab: fotografi antara dua subyek : perbincangan tentang adac/ Seno Gumira Ajidarma; penyunting, Mirna Yulistianti, Islah Gusmian, Sigit Suryanto aEd. 2, Cet. 3 aYogyakartabGalang Pressc2016 axv, 200 hlm.b: ilus.c; 26 cm. aBibliografi : hlm. 194-200 4aFotografi0 aMirna Yulistianti0 aIslah Gusmiarni0 aSigit Suryanto aYOPDYOG aCB-D.11/2016-1087 a31327-PD/B.17 a31328-PD/B.17 a31329-PD/B.17 a31330-PD/B.17 a31331-PD/B.17 a31332-PD/B.17 a31333-PD/B.17 a31334-PD/B.17 a31335-PD/B.17 a31336-PD/B.17